|
|
|
|
| LEADER |
00952nab a2200217 i 4500 |
| 001 |
misc55791 |
| 005 |
20241007155202.0 |
| 008 |
200508s1970 hu o 000 fre d |
| 022 |
|
|
|a 0013-9955
|
| 040 |
|
|
|a SZTE Miscellanea Repozitórium
|b hun
|
| 041 |
|
|
|a fre
|
| 100 |
1 |
|
|a Aubin Françoise
|
| 245 |
1 |
0 |
|a ([Yöngsiyebüü] Rintchen), Folklore mongol. Recueilli par R'. Livre IVe (Asiatische Forschungen; Monographienreihe zur Geschichte, Kultur u. Sprache der Völker Ost- u. Zentralasiens; Bd. 15.) Harrassowitz, Wiesbaden 1965
|h [elektronikus dokumentum] :
|b [compte rendu] /
|c Aubin Françoise
|
| 260 |
|
|
|a Editions du Pantheon
|b Amsterdam
|c 1970
|
| 300 |
|
|
|a 765-768
|
| 490 |
0 |
|
|a Erasmus – Speculum Scientiarum
|v 22
|
| 561 |
|
|
|a Németh Gyula hagyaték
|
| 650 |
|
4 |
|a Társadalomtudományok
|
| 650 |
|
4 |
|a Szociológia
|
| 695 |
|
|
|a Folklór - mongol - könyvismertetés
|
| 856 |
4 |
0 |
|u http://misc.bibl.u-szeged.hu/55791/1/152_noa_a95.pdf
|z Dokumentum-elérés
|